| 000 | 00640nam a2200217Ia 4500 | ||
|---|---|---|---|
| 003 | OSt | ||
| 005 | 20250805163623.0 | ||
| 008 | 210210b1913 xxu||||| |||| 00| 0 eng d | ||
| 040 | _cAL | ||
| 041 | _aKannada | ||
| 082 | _a852/509 | ||
| 100 |
_aRAMACHARYA TIRUMALA _dರಾಮಾಚಾರ್ಯ ತಿರುಮಲ _9234080 |
||
| 245 |
_aVishnu dashavatara sangraha _bವಿಷ್ಣು ದಶಾವತಾರ ಸಂಗ್ರಹ |
||
| 260 |
_aBengaLUru _b- _c1913 |
||
| 650 |
_aViShNu _9234081 |
||
| 650 |
_asangraha _9234082 |
||
| 650 |
_adashAvatAra _9234083 |
||
| 690 |
_aKannada Prose _9234084 |
||
| 906 | _a019075 | ||
| 942 |
_2ddc _cBK |
||
| 999 |
_c143147 _d143147 |
||